Quien fue Steve Jobs? / (Record no. 20358)

MARC details
000 -LEADER
fixed length control field 01953cam a2200529 a 4500
001 - CONTROL NUMBER
control field sjds494250
003 - CONTROL NUMBER IDENTIFIER
control field sjds
005 - DATE AND TIME OF LATEST TRANSACTION
control field 20240318213201.0
008 - FIXED-LENGTH DATA ELEMENTS--GENERAL INFORMATION
fixed length control field 120115t20122012nyuab c b 000 0bspa d
020 ## - INTERNATIONAL STANDARD BOOK NUMBER
International Standard Book Number 9780448462660 (pbk.)
020 ## - INTERNATIONAL STANDARD BOOK NUMBER
International Standard Book Number 0448462664 (pbk.)
035 ## - SYSTEM CONTROL NUMBER
System control number (OCoLC)773021673
040 ## - CATALOGING SOURCE
Original cataloging agency BTCTA
Language of cataloging eng
Transcribing agency BTCTA
Modifying agency BDX
-- IFA
-- UtOrBLW
041 ## - LANGUAGE CODE
Language code of text/sound track or separate title spa
Language code of original eng
043 ## - GEOGRAPHIC AREA CODE
Geographic area code n-us---
049 ## - LOCAL HOLDINGS (OCLC)
Holding library IFAA
099 ## - LOCAL FREE-TEXT CALL NUMBER (OCLC)
Classification number CHILDREN ESPANOL 92 JOBS 2012
100 1# - MAIN ENTRY--PERSONAL NAME
Personal name Pollack, Pam.
240 10 - UNIFORM TITLE
Uniform title <a href="Who was Steve Jobs?">Who was Steve Jobs?</a>
Language of a work Spanish
245 10 - TITLE STATEMENT
Title Quien fue Steve Jobs? /
Statement of responsibility, etc. Por Pam Pollack y Meg Belviso ; ilustrado por John O'Brien ; traducido del ingles por Angelina García.
246 30 - VARYING FORM OF TITLE
Title proper/short title Steve Jobs
260 ## - PUBLICATION, DISTRIBUTION, ETC. (IMPRINT)
Place of publication, distribution, etc. New York :
Name of publisher, distributor, etc. Grosset & Dunlap,
Date of publication, distribution, etc. c2012
264 #1 - PRODUCTION, PUBLICATION, DISTRIBUTION, MANUFACTURE, AND COPYRIGHT NOTICE
Place of production, publication, distribution, manufacture New York :
Name of producer, publisher, distributor, manufacturer Grosset & Dunlap,
Date of production, publication, distribution, manufacture, or copyright notice [2012]
264 #4 - PRODUCTION, PUBLICATION, DISTRIBUTION, MANUFACTURE, AND COPYRIGHT NOTICE
Date of production, publication, distribution, manufacture, or copyright notice c2012
300 ## - PHYSICAL DESCRIPTION
Extent 105 pages :
Other physical details illustrations, map ;
Dimensions 20 cm.
336 ## - CONTENT TYPE
Content type term text
Content type code txt
Source rdacontent
337 ## - MEDIA TYPE
Media type term unmediated
Media type code n
Source rdamedia
338 ## - CARRIER TYPE
Carrier type term volume
Carrier type code nc
Source rdacarrier
490 1# - SERIES STATEMENT
Series statement Quién fue--?
504 ## - BIBLIOGRAPHY, ETC. NOTE
Bibliography, etc Includes bibliographical references (p. 104)
521 0# - TARGET AUDIENCE NOTE
Target audience note 3.2.
521 8# - TARGET AUDIENCE NOTE
Target audience note 670
Source Lexile
526 0# - STUDY PROGRAM INFORMATION NOTE
Program name Accelerated Reader
Interest level MG
Reading level 4.9
Title point value 1.0
Public note 151017SP
600 10 - SUBJECT ADDED ENTRY--PERSONAL NAME
Personal name Jobs, Steve,
Dates associated with a name 1955-2011
Form subdivision Juvenile literature.
600 17 - SUBJECT ADDED ENTRY--PERSONAL NAME
Personal name Jobs, Steve,
Dates associated with a name 1955-2011
Form subdivision Literatura juvenil.
Source of heading or term bidex
610 20 - SUBJECT ADDED ENTRY--CORPORATE NAME
Corporate name or jurisdiction name as entry element Apple Computer, Inc.
Form subdivision Juvenile literature.
610 27 - SUBJECT ADDED ENTRY--CORPORATE NAME
Corporate name or jurisdiction name as entry element Apple Computer, Inc.
Form subdivision Literatura juvenil.
Source of heading or term bidex
650 #0 - SUBJECT ADDED ENTRY--TOPICAL TERM
Topical term or geographic name as entry element Businessmen
Geographic subdivision United States
Form subdivision Biography
-- Juvenile literature.
650 #0 - SUBJECT ADDED ENTRY--TOPICAL TERM
Topical term or geographic name as entry element Computer engineers
Geographic subdivision United States
Form subdivision Biography
-- Juvenile literature.
650 #7 - SUBJECT ADDED ENTRY--TOPICAL TERM
Topical term or geographic name as entry element Empresarios
Geographic subdivision Estados Unidos
Form subdivision Biografía
-- Literatura juvenil.
Source of heading or term local
650 #7 - SUBJECT ADDED ENTRY--TOPICAL TERM
Topical term or geographic name as entry element Ingenieros de computadoras
Geographic subdivision Estados Unidos
Form subdivision Biografía
-- Literatura juvenil.
Source of heading or term local
700 1# - ADDED ENTRY--PERSONAL NAME
Personal name Belviso, Meg.
700 1# - ADDED ENTRY--PERSONAL NAME
Personal name O'Brien, John,
Relator term illustrator.
700 1# - ADDED ENTRY--PERSONAL NAME
Personal name Garcia, Angelina.
830 #0 - SERIES ADDED ENTRY--UNIFORM TITLE
Uniform title Quien fue--?
942 ## - ADDED ENTRY ELEMENTS (KOHA)
Koha item type Libro/Book
Holdings
Withdrawn status Lost status Damaged status Not for loan Home library Current library Shelving location Date acquired Inventory number Total Checkouts Full call number Barcode Date last seen Date checked out Price effective from Koha item type Checked out
        San Juan Del Sur -- Mobile Ostional   03/03/2024 Inventory date: 27-2-25 3 JN 33015999 17/03/2026 17/03/2026 03/03/2024 Libro/Book 21/04/2026
        San Juan Del Sur -- Biblioteca San Juan Del Sur -- Biblioteca General Stacks 03/05/2014 Inventory date: 15-5-25 3 JN ESPANOL 30001515 24/03/2023 07/03/2023 03/05/2014 Libro/Book  

Powered by Koha